000 01029nam a2200265Ia 4500
003 OSt
005 20220923220444.0
006 a|||||r|||| 00| 0
007 ta
008 220922b |||||||| |||| 00| 0 hin d
024 _a186,753
037 _cTextual
040 _aARTS
_cARTS
_bhin
041 _2hin
_ahin
082 _aX.73'N5, 152K3
100 _aमारखम, जेस्सी डब्ल्यू, संपा.
245 0 _aअमरीकी अर्थव्यवस्था, अनु महावीर
246 _aAmarīkī arthavyavasthā, anu0 hināvīra
260 _aदिल्ली
_b आत्माराम एण्ड संस
_c1963
300 _a265पृ.
_ccm.
650 _a अर्थशास्त्र-आपूर्ति और मांग
_9164232
650 _aअर्थशास्त्र
942 _hX.73'N5, 152K3
_cTEXL
_2CC
999 _c339996
_d339996